Which country are these politicians from? - Statistics

General Stats
  • This quiz has been taken 151 times
  • The average score is 38 of 52
Answer Stats
Picture Answer % Correct
United States
98%
United States
98%
United States
98%
Germany
96%
Germany
96%
Russia
96%
Russia
96%
China
95%
Japan
95%
France
94%
France
94%
United Kingdom
94%
United Kingdom
94%
North Korea
93%
Canada
92%
India
89%
Italy
88%
Italy
88%
Israel
86%
South Korea
83%
Spain
83%
Syria
83%
Turkey
83%
Brazil
81%
Brazil
81%
Brazil
81%
Mexico
80%
Venezuela
78%
Venezuela
78%
Australia
74%
South Africa
73%
Netherlands
72%
Belarus
68%
Philippines
68%
Norway
66%
Argentina
65%
Argentina
65%
Belgium
65%
Ukraine
64%
Bolivia
56%
Portugal
56%
Croatia
53%
Nigeria
53%
Denmark
50%
New Zealand
49%
Kazakhstan
42%
Thailand
41%
Uruguay
32%
Cameroon
22%
Senegal
22%
Costa Rica
17%
Armenia
16%
No matching quizzes found
Score Distribution
Percent of People with Each Score
Percentile by Number Answered
Your Score History
You have not taken this quiz